[Event "Women's Speed Chess Q5"]
[Site "chess.com INT"]
[Date "2020.06.22"]
[Round "1"]
[White "Tokhirjonova, Gulrukhbegim"]
[Black "Meenakshi, Subbaraman"]
[Result "1-0"]
[WhiteTitle "WGM"]
[BlackTitle "WGM"]
[WhiteElo "2378"]
[BlackElo "2171"]
[WhiteFideId "14203626"]
[BlackFideId "5004381"]
[EventDate "2020.06.22"]

1. Nf3 d5 2. g3 Nf6 3. Bg2 c5 4. c4 Nc6 5. O-O e6 6. cxd5 exd5 7. d4 Bf5 8. Nc3
c4 9. Nh4 Be6 10. f4 Be7 11. f5 Bc8 12. Bg5 h6 13. Bxf6 Bxf6 14. Nxd5 Bxd4+ 15.
Kh1 Bf6 16. Nxf6+ Qxf6 17. Qc2 O-O 18. Qxc4 Bd7 19. Rad1 Ne5 20. Qb4 Bc6 21. Rd6
Qe7 22. f6 gxf6 23. Nf5 Bxg2+ 24. Kxg2 Qc7 25. Nxh6+ Kh7 26. Rdxf6 Rae8 27. Qh4
Ng6 28. Qh5 Kg7 29. Nxf7 Qxf7 30. Rxf7+ Rxf7 31. Rxf7+ Kxf7 32. Qd5+ Kf6 33. e4
Re7 34. h4 Ne5 35. Kh3 a6 36. g4 Nf7 37. g5+ Kg7 38. Qf5 Re8 39. Qf6+ Kg8 40. g6
Ne5 41. h5 Nxg6 42. Qxg6+ Kf8 43. h6 Re7 44. h7 1-0

[Event "Women's Speed Chess Q5"]
[Site "chess.com INT"]
[Date "2020.06.22"]
[Round "1"]
[White "Kubicka, Anna"]
[Black "Franco Valencia, Angela"]
[Result "1-0"]
[WhiteTitle "WIM"]
[BlackTitle "WIM"]
[WhiteElo "2256"]
[BlackElo "2089"]
[WhiteFideId "1152254"]
[BlackFideId "4403070"]
[EventDate "2020.06.22"]

1. e4 e5 2. Nf3 Nc6 3. Bb5 a6 4. Ba4 d6 5. O-O Bd7 6. d4 b5 7. Bb3 exd4 8. c3 d3
9. Qxd3 Nf6 10. Bg5 Be7 11. Nbd2 O-O 12. Rad1 Bg4 13. h3 Be6 14. Bxe6 fxe6 15.
Nb3 Kh8 16. Nbd4 Nxd4 17. Nxd4 Qd7 18. Rfe1 e5 19. Nf5 Qe6 20. b3 h6 21. Be3 Nh5
22. Qe2 Nf4 23. Bxf4 exf4 24. Qg4 g5 25. Qh5 Kh7 26. Nd4 Qg6 27. Qf3 Bf6 28. Ne6
Rfc8 29. e5 Bxe5 30. Nxc7 Ra7 31. Nxa6 Re7 32. Nb4 Rxc3 33. Qxc3 Bxc3 34. Rxe7+
Kg8 35. Nd5 b4 36. Nxc3 bxc3 37. Rc7 Qc2 38. Rxd6 Qc1+ 39. Kh2 Qa3 40. Rd8+ Qf8
41. Rxf8+ Kxf8 42. Rxc3 1-0

[Event "Women's Speed Chess Q5"]
[Site "chess.com INT"]
[Date "2020.06.22"]
[Round "1"]
[White "Zhukova, Natalia"]
[Black "Ramirez, Maria Eugenia"]
[Result "1-0"]
[WhiteTitle "GM"]
[BlackTitle "WFM"]
[WhiteElo "2328"]
[BlackElo "2057"]
[WhiteFideId "14101513"]
[BlackFideId "3301680"]
[EventDate "2020.06.22"]

1. c4 Nf6 2. Nc3 e6 3. e4 d5 4. cxd5 exd5 5. e5 d4 6. exf6 dxc3 7. Bb5+ c6 8.
Qe2+ Be6 9. Bc4 Qxf6 10. dxc3 Bc5 11. Nf3 O-O 12. Bxe6 Qxe6 13. Qxe6 fxe6 14.
O-O Nd7 15. Re1 Rae8 16. Be3 Rf6 17. Rad1 Bxe3 18. Rxd7 Bb6 19. Rxb7 h6 20. a4
e5 21. b4 c5 22. a5 Bd8 23. Rxa7 cxb4 24. cxb4 e4 25. Nd2 Rfe6 26. Ra8 Kh7 27.
g3 Rd6 28. Rxe4 Rxe4 29. Nxe4 Rd4 30. Nc5 1-0

[Event "Women's Speed Chess Q5"]
[Site "chess.com INT"]
[Date "2020.06.22"]
[Round "1"]
[White "Mendoza, Shania Mae"]
[Black "Sedina, Elena"]
[Result "1-0"]
[WhiteTitle "WFM"]
[BlackTitle "IM"]
[WhiteElo "2158"]
[BlackElo "2299"]
[WhiteFideId "5211158"]
[BlackFideId "812153"]
[EventDate "2020.06.22"]

1. e4 e6 2. d4 d5 3. Nc3 Bb4 4. exd5 exd5 5. Bd3 Nc6 6. a3 Bxc3+ 7. bxc3 Nge7 8.
Qf3 Be6 9. Ne2 Qd7 10. h3 Bf5 11. Ng3 Bxd3 12. cxd3 O-O 13. O-O f5 14. Bf4 Ng6
15. Rfe1 Rae8 16. Re2 Rxe2 17. Nxe2 Re8 18. Ng3 Nxf4 19. Qxf4 g6 20. Ra2 Nd8 21.
Re2 Rxe2 22. Nxe2 Qe7 23. Qe5 Qxe5 24. dxe5 Ne6 25. d4 b6 26. f4 c5 27. Kf2 Kf7
28. Ke3 Ke7 29. g4 Ng7 30. Nc1 c4 31. Na2 a5 32. Nc1 b5 33. Ne2 Ke6 34. Ng1 fxg4
35. hxg4 h5 36. Kf3 hxg4+ 37. Kxg4 Nf5 38. Nf3 Ne3+ 39. Kg5 Kf7 40. Nh4 Nd1 41.
Nxg6 Nxc3 42. f5 Ne4+ 43. Kf4 c3 44. e6+ Kf6 45. e7 Kf7 46. Ne5+ Kxe7 47. Nd3 b4
48. axb4 a4 49. Ke5 a3 50. Nc1 c2 51. b5 Kd7 52. f6 Nc3 53. b6 a2 54. f7 Ke7 55.
b7 1-0

[Event "Women's Speed Chess Q5"]
[Site "chess.com INT"]
[Date "2020.06.22"]
[Round "1"]
[White "Khomeriki, Nino"]
[Black "Vargas, Gabriela"]
[Result "0-1"]
[WhiteTitle "WGM"]
[BlackTitle "WIM"]
[WhiteElo "2319"]
[BlackElo "2170"]
[WhiteFideId "13603191"]
[BlackFideId "3700860"]
[EventDate "2020.06.22"]

1. d4 d5 2. c4 e6 3. Nf3 c6 4. e3 Bd6 5. Nc3 f5 6. Bd3 Nf6 7. O-O O-O 8. Bd2 Ne4
9. Rc1 Nd7 10. Ne2 Rf6 11. a3 Rh6 12. g3 g5 13. Bb4 Bxb4 14. axb4 Qf6 15. b5 Qg6
16. bxc6 bxc6 17. cxd5 exd5 18. Nc3 Qh5 19. h4 gxh4 20. Nxh4 Qg5 21. Ng2 Ndf6
22. Qf3 Ng4 23. Qf4 Qg6 24. Nh4 Rxh4 25. Bxe4 Rh2 26. Bg2 Qh5 27. f3 Rxg2+ 0-1

[Event "Women's Speed Chess Q5"]
[Site "chess.com INT"]
[Date "2020.06.22"]
[Round "1"]
[White "Kalinina, Larisa"]
[Black "Nandhidhaa, P V"]
[Result "0-1"]
[WhiteTitle "WIM"]
[BlackTitle "WGM"]
[WhiteElo "2131"]
[BlackElo "2365"]
[WhiteFideId "14106361"]
[BlackFideId "5050847"]
[EventDate "2020.06.22"]

1. e4 a6 2. d4 b5 3. Bd3 Bb7 4. Nf3 e6 5. O-O Nf6 6. Re1 c5 7. e5 Nd5 8. c4 bxc4
9. Bxc4 Be7 10. dxc5 Bxc5 11. Nc3 Nxc3 12. bxc3 O-O 13. Be3 d6 14. Rb1 Qc7 15.
exd6 Bxd6 16. Rxb7 Bxh2+ 17. Nxh2 Qxb7 18. Qf3 Qxf3 19. Nxf3 Nc6 20. Nd4 Rfc8
21. Bb3 Na5 22. Rc1 Nc4 23. Bg5 Rc5 24. Bh4 Rac8 25. f3 h5 26. Kf2 Ne5 27. Ne2
Nd3+ 28. Ke3 Nxc1 29. Nxc1 Rxc3+ 30. Kd2 Rxc1 31. Be7 Rg1 32. g4 hxg4 33. fxg4
Rxg4 34. Bb4 Rxb4 0-1

[Event "Women's Speed Chess Q5"]
[Site "chess.com INT"]
[Date "2020.06.22"]
[Round "1"]
[White "Ziegenfuss, Antonia"]
[Black "Enkhtuul, Altan-Ulzii"]
[Result "0-1"]
[WhiteTitle "WFM"]
[BlackTitle "WGM"]
[WhiteElo "2101"]
[BlackElo "2228"]
[WhiteFideId "12962554"]
[BlackFideId "4901444"]
[EventDate "2020.06.22"]

1. d4 Nf6 2. c4 c5 3. d5 b5 4. cxb5 a6 5. bxa6 g6 6. Nc3 Bg7 7. e4 d6 8. Nf3 O-O
9. a7 Rxa7 10. Be2 Qa5 11. O-O Ba6 12. a4 Bxe2 13. Qxe2 Nfd7 14. Qc2 Na6 15. Nb5
Nb4 16. Qb3 Rb7 17. Bd2 Ra8 18. Ra3 Nb6 19. Rfa1 Nd7 20. Bc3 f6 21. Nd2 Nb6 22.
Nc4 Nxc4 23. Qxc4 Kf7 24. f4 f5 25. e5 Bf8 26. e6+ Kg8 27. Qe2 Bg7 28. Qf2 Bxc3
29. bxc3 Nxd5 30. c4 Nf6 31. Qg3 Ne4 32. Qh4 Qd2 33. Rh3 Nf6 34. Qg5 Rxb5 35.
cxb5 Qd4+ 0-1

[Event "Women's Speed Chess Q5"]
[Site "chess.com INT"]
[Date "2020.06.22"]
[Round "1"]
[White "Nguyen, Thi Mai Hung"]
[Black "Voit, Daria"]
[Result "0-1"]
[WhiteTitle "WGM"]
[BlackTitle "WGM"]
[WhiteElo "2258"]
[BlackElo "2343"]
[WhiteFideId "12401676"]
[BlackFideId "4182146"]
[EventDate "2020.06.22"]

1. d4 Nf6 2. Nf3 e6 3. Bf4 c5 4. e3 Nc6 5. c3 d5 6. Nbd2 Bd6 7. Bg3 O-O 8. Bd3
b6 9. e4 Be7 10. e5 Nh5 11. Qe2 a5 12. Nf1 Bb7 13. Ne3 Qc8 14. Nd2 g6 15. dxc5
bxc5 16. O-O Ba6 17. c4 d4 18. Ng4 Rb8 19. b3 Bb7 20. Ne4 Ra8 21. Qd2 Qd8 22.
Qh6 Nb4 23. Bb1 d3 24. Nef6+ Nxf6 25. exf6 Bxf6 26. Nxf6+ Qxf6 27. a3 Qxa1 28.
axb4 axb4 29. Bxd3 Qg7 0-1

[Event "Women's Speed Chess Q5"]
[Site "chess.com INT"]
[Date "2020.06.22"]
[Round "1"]
[White "Toncheva, Nadya"]
[Black "Zavivaeva, Emilia"]
[Result "1-0"]
[WhiteTitle "WFM"]
[BlackTitle "WCM"]
[WhiteElo "2064"]
[BlackElo "1735"]
[WhiteFideId "2924056"]
[BlackFideId "34127531"]
[EventDate "2020.06.22"]

1. e4 c5 2. c3 e6 3. d4 d5 4. exd5 exd5 5. Nf3 Nc6 6. Be3 cxd4 7. Nxd4 Nf6 8.
Bd3 Bd6 9. Nd2 O-O 10. O-O Bd7 11. Re1 Re8 12. N2f3 Bg4 13. Qb3 Qc7 14. h3 Nxd4
15. Nxd4 Be6 16. Nb5 Qe7 17. Nxd6 Qxd6 18. Bd4 Ne4 19. Rad1 Qc6 20. Qc2 f5 21.
a4 a6 22. a5 Bd7 23. f3 Nc5 24. Bxf5 g6 25. Bxd7 Nxd7 26. Qf2 Qb5 27. b4 Qc4 28.
Re3 Rxe3 29. Qxe3 Qb3 30. Re1 Nf8 31. Qe5 Qc2 32. Qg7# 1-0

[Event "Women's Speed Chess Q5"]
[Site "chess.com INT"]
[Date "2020.06.22"]
[Round "1"]
[White "Diakonova, Ekaterina"]
[Black "Stefanova, Antoaneta"]
[Result "1/2-1/2"]
[BlackTitle "GM"]
[WhiteElo "2209"]
[BlackElo "2462"]
[WhiteFideId "24172936"]
[BlackFideId "2902257"]
[EventDate "2020.06.22"]

1. e4 c6 2. d4 d5 3. Nc3 dxe4 4. Nxe4 Nf6 5. Nxf6+ exf6 6. Bd3 Bd6 7. Qe2+ Be7
8. c3 O-O 9. Be3 Re8 10. h4 Bd6 11. O-O-O f5 12. Qf3 Qa5 13. Kb1 Be6 14. c4 b5
15. Bd2 Qa6 16. d5 bxc4 17. dxe6 cxd3 18. exf7+ Kxf7 19. Qxf5+ Kg8 20. Rh3 Qb7
21. Rxd3 Be5 22. Rb3 Qf7 23. Qxf7+ Kxf7 24. Nf3 Bf6 25. Bf4 Na6 26. Rb7+ Kg8 27.
Rc1 Re2 28. Bg3 c5 29. a3 h5 30. Rc2 Re4 31. Rd2 c4 32. Rb5 Rc8 33. Rdd5 c3 34.
bxc3 Rxc3 35. Ra5 Rec4 36. Rxa6 Rc1+ 37. Ka2 R1c2+ 38. Kb3 R2c3+ 39. Ka2 Rc2+
40. Kb3 R2c3+ 41. Ka2 Rc2+ 1/2-1/2

[Event "Women's Speed Chess Q5"]
[Site "chess.com INT"]
[Date "2020.06.22"]
[Round "1"]
[White "Khotenashvili, Bela"]
[Black "Fominykh, Maria"]
[Result "1-0"]
[WhiteTitle "GM"]
[BlackTitle "WGM"]
[WhiteElo "2458"]
[BlackElo "2206"]
[WhiteFideId "13602640"]
[BlackFideId "4142411"]
[EventDate "2020.06.22"]

1. d4 Nf6 2. c4 g6 3. Nc3 Bg7 4. e4 O-O 5. Nf3 d6 6. h3 e5 7. d5 a5 8. g4 Na6 9.
Be3 Nd7 10. Rg1 Kh8 11. Qd2 Ndc5 12. O-O-O a4 13. Kb1 Bd7 14. h4 c6 15. h5 cxd5
16. cxd5 a3 17. hxg6 fxg6 18. Ng5 axb2 19. Rh1 Bxg4 20. Nxh7 Kg8 21. Nxf8 Qxf8
22. Be2 Bxe2 23. Qxe2 Nb4 24. Qb5 Nbd3 25. Rxd3 Nxd3 26. Qxd3 Qf3 27. Rd1 Rc8
28. Kxb2 Bf8 29. Rd2 Qh1 30. Rc2 Ra8 31. Qb5 Qe1 32. a4 Rc8 33. Rc1 1-0

[Event "Women's Speed Chess Q5"]
[Site "chess.com INT"]
[Date "2020.06.22"]
[Round "1"]
[White "Hryzlova, Sofiia"]
[Black "Arakhamia-Grant, Ketevan"]
[Result "1-0"]
[WhiteTitle "WCM"]
[BlackTitle "GM"]
[WhiteElo "1940"]
[BlackElo "2380"]
[WhiteFideId "14174669"]
[BlackFideId "13600168"]
[EventDate "2020.06.22"]

1. c4 Nf6 2. Nc3 g6 3. e4 d6 4. d4 Bg7 5. h3 O-O 6. Be3 e5 7. d5 c6 8. g4 cxd5
9. cxd5 Nfd7 10. Nge2 Na6 11. Ng3 Bf6 12. Qd2 Bh4 13. Rg1 Nac5 14. Bh6 Re8 15.
Nf5 Nf6 16. Qe3 Bxf5 17. gxf5 Kh8 18. O-O-O Rg8 19. f4 gxf5 20. Rxg8+ Qxg8 21.
exf5 e4 22. Be2 Qg3 23. Qd4 Qf2 24. Bg5 Qxd4 25. Rxd4 Bxg5 26. fxg5 Nfd7 27.
Nxe4 Re8 28. Nxc5 Nxc5 29. Kd2 Re5 30. Bg4 Kg7 31. b4 Ne4+ 32. Ke3 Nxg5+ 33. Kf4
f6 34. Rc4 Rxd5 35. Rc7+ Kh6 36. Rxb7 Rd4+ 37. Ke3 Re4+ 38. Kd3 1-0

[Event "Women's Speed Chess Q5"]
[Site "chess.com INT"]
[Date "2020.06.22"]
[Round "1"]
[White "Martynyuk, Elizaveta"]
[Black "Papp, Petra"]
[Result "0-1"]
[WhiteTitle "FM"]
[BlackTitle "WGM"]
[WhiteElo "2041"]
[BlackElo "2338"]
[WhiteFideId "24128511"]
[BlackFideId "739049"]
[EventDate "2020.06.22"]

1. e4 e6 2. d4 d5 3. Nc3 Nf6 4. e5 Nfd7 5. f4 c5 6. Nf3 Nc6 7. Be3 Be7 8. Qd2
O-O 9. O-O-O c4 10. f5 b5 11. f6 gxf6 12. Bh6 Re8 13. exf6 Bxf6 14. Qf4 Rb8 15.
Qd6 b4 16. Nxd5 exd5 17. Qxc6 Nf8 18. Ne5 Re6 19. Qc5 Be7 20. Nc6 Bxc5 21. Nxd8
Rxh6 22. dxc5 Be6 23. Nxe6 fxe6 24. Be2 Rc8 25. Bg4 Rxc5 26. h3 Rf6 27. Rhf1 Kg7
28. Rxf6 Kxf6 29. Rf1+ Ke7 30. Bh5 Ng6 31. a4 Rc8 32. g4 Rf8 33. Rxf8 Kxf8 34.
Kd2 Ke7 35. Bxg6 hxg6 36. Ke3 e5 0-1

[Event "Women's Speed Chess Q5"]
[Site "chess.com INT"]
[Date "2020.06.22"]
[Round "1"]
[White "Hejazipour, Mitra"]
[Black "Vifleemskaia, Svetlana"]
[Result "1-0"]
[WhiteTitle "WGM"]
[BlackTitle "WFM"]
[WhiteElo "2300"]
[BlackElo "1943"]
[WhiteFideId "12505951"]
[BlackFideId "4129490"]
[EventDate "2020.06.22"]

1. Nf3 d5 2. c4 d4 3. b4 c5 4. bxc5 Nc6 5. d3 e5 6. g3 Bxc5 7. Bg2 Nf6 8. O-O
O-O 9. Bg5 h6 10. Bxf6 Qxf6 11. Nbd2 Qe7 12. Qb3 Bf5 13. Nh4 Bg4 14. Rfe1 Rab8
15. Ne4 Bb4 16. Rec1 Bxe2 17. a3 Ba5 18. f3 Kh7 19. Qc2 f5 20. Nxf5 Rxf5 21.
Qxe2 Rbf8 22. Rab1 b6 23. c5 Nd8 24. Nd6 R5f6 25. Ne4 Rf5 26. Rb5 Ne6 27. cxb6
Bxb6 28. Bh3 R5f7 29. Rxe5 Qxa3 30. Rf1 Nc7 31. Nd2 Qd6 32. Nc4 Qf6 33. f4 Rd8
34. Qe4+ Kh8 35. Re1 Rff8 36. Re7 Rfe8 37. Rxe8+ Rxe8 38. Ne5 a5 39. Bf5 Qd6 40.
Nf7+ 1-0

[Event "Women's Speed Chess Q5"]
[Site "chess.com INT"]
[Date "2020.06.22"]
[Round "1"]
[White "Injac, Teodora"]
[Black "Zhuravleva, Olga"]
[Result "1-0"]
[WhiteTitle "WIM"]
[BlackTitle "WIM"]
[WhiteElo "2286"]
[BlackElo "2278"]
[WhiteFideId "932400"]
[BlackFideId "4145933"]
[EventDate "2020.06.22"]

1. d4 Nf6 2. Nf3 e6 3. e3 b6 4. Bd3 Bb7 5. O-O Be7 6. c4 O-O 7. Nc3 c5 8. d5
exd5 9. cxd5 d6 10. e4 Re8 11. h3 Nbd7 12. Bf4 Bf8 13. a4 a6 14. Re1 Qc7 15. Bc4
g6 16. Qd3 Bg7 17. Rac1 Nh5 18. Bh2 Ne5 19. Nxe5 Bxe5 20. Bxe5 Rxe5 21. g3 Re7
22. f4 Rae8 23. e5 Qc8 24. e6 fxe6 25. dxe6 Nf6 26. Rcd1 Qc6 27. Bd5 Nxd5 28.
Nxd5 Rxe6 29. Rxe6 Rxe6 30. Qc3 Kf7 31. Qh8 Re1+ 32. Rxe1 Qxd5 33. Qxh7+ Kf8 34.
Qe7+ Kg8 35. Qd8+ Kg7 36. Re7+ Kf6 37. Qf8+ 1-0

[Event "Women's Speed Chess Q5"]
[Site "chess.com INT"]
[Date "2020.06.22"]
[Round "1"]
[White "Babiy, Olga"]
[Black "Sharma, Isha"]
[Result "1-0"]
[WhiteTitle "WGM"]
[BlackTitle "WIM"]
[WhiteElo "2228"]
[BlackElo "2276"]
[WhiteFideId "14117258"]
[BlackFideId "35006665"]
[EventDate "2020.06.22"]

1. e4 e6 2. d4 d5 3. Nc3 Nf6 4. e5 Nfd7 5. f4 c5 6. Nf3 Nc6 7. Be3 Be7 8. Qd2
O-O 9. dxc5 Bxc5 10. O-O-O Rb8 11. Bxc5 Nxc5 12. Qf2 Qa5 13. Kb1 Bd7 14. f5 exf5
15. Rxd5 Ne4 16. Nxe4 Qxd5 17. Nc3 Qa5 18. Qg3 Be6 19. a3 Rfd8 20. Bd3 Nd4 21.
Nxd4 Rxd4 22. Rf1 f4 23. Rxf4 Rxf4 24. Qxf4 Rc8 25. Qh4 h6 26. Qe4 Qb6 27. Ne2
Qf2 28. b3 b6 29. Kb2 g6 30. Nd4 Re8 31. h4 Bd7 32. h5 Qg3 33. hxg6 fxg6 34.
Qd5+ Kh8 35. Qxd7 Qxe5 36. c3 Re7 37. Qc6 1-0

[Event "Women's Speed Chess Q5"]
[Site "chess.com INT"]
[Date "2020.06.22"]
[Round "1"]
[White "Kazarian, Anna-Maja"]
[Black "Solozhenkina, Elizaveta"]
[Result "0-1"]
[WhiteTitle "FM"]
[BlackTitle "WIM"]
[WhiteElo "2096"]
[BlackElo "2301"]
[WhiteFideId "1033689"]
[BlackFideId "34106615"]
[EventDate "2020.06.22"]

1. e4 c5 2. Nf3 d6 3. d4 cxd4 4. Nxd4 Nf6 5. Nc3 a6 6. Be3 e5 7. Nb3 Be7 8. f3
Be6 9. Qd2 O-O 10. O-O-O Nbd7 11. g4 b5 12. Qf2 Qc7 13. h4 Rfc8 14. g5 Nh5 15.
Bh3 g6 16. Bg4 b4 17. Nd5 Bxd5 18. Rxd5 Nf4 19. Bxf4 exf4 20. e5 Nxe5 21. Bxc8
Rxc8 22. h5 Bf8 23. hxg6 fxg6 24. Rhd1 Nc4 25. Nd4 Ne3 26. Ne6 Qf7 27. Nxf8 Nxd5
28. Nd7 Ne3 29. Nf6+ Kg7 30. Rd2 Qxa2 31. Rxd6 Qa1+ 32. Kd2 Rxc2+ 33. Kd3 Qd1+
34. Ke4 Qxd6 35. Ne8+ Kf8 36. Qxc2 Qe7+ 0-1

[Event "Women's Speed Chess Q5"]
[Site "chess.com INT"]
[Date "2020.06.22"]
[Round "1"]
[White "Gaponenko, Inna"]
[Black "Shukhman, Anna"]
[Result "1-0"]
[WhiteTitle "IM"]
[BlackTitle "WCM"]
[WhiteElo "2396"]
[BlackElo "1866"]
[WhiteFideId "14101181"]
[BlackFideId "54180058"]
[EventDate "2020.06.22"]

1. e4 c5 2. c3 Nf6 3. e5 Nd5 4. Nf3 d6 5. d4 cxd4 6. cxd4 Nc6 7. Bc4 Nb6 8. Bb5
a6 9. Bxc6+ bxc6 10. O-O d5 11. Nc3 Bg4 12. h3 Bh5 13. Qd3 Bg6 14. Qe2 e6 15.
Bg5 Be7 16. Bxe7 Qxe7 17. Rac1 O-O 18. Nd2 Rfb8 19. g4 Qb4 20. Qe3 Na4 21. f4
Nxb2 22. f5 exf5 23. gxf5 Bh5 24. Rf4 Qa3 25. Re1 Na4 26. Nxa4 Qxa4 27. Rh4 Qxa2
28. Rxh5 Rb2 29. Re2 Rab8 30. f6 Qa1+ 31. Kh2 Rxd2 32. Qxd2 Rb1 33. Rg2 Rh1+ 34.
Kg3 Qa3+ 35. Kf2 Rb1 36. Rxg7+ Kf8 37. Rhxh7 Rb2 38. Rh8# 1-0

[Event "Women's Speed Chess Q5"]
[Site "chess.com INT"]
[Date "2020.06.22"]
[Round "1"]
[White "Golubeva, Oksana"]
[Black "Goryachkina, Aleksandra"]
[Result "0-1"]
[WhiteTitle "WFM"]
[BlackTitle "GM"]
[WhiteElo "2179"]
[BlackElo "2582"]
[WhiteFideId "4170164"]
[BlackFideId "4147103"]
[EventDate "2020.06.22"]

1. Nf3 d5 2. g3 Nc6 3. d3 e5 4. Nbd2 Nf6 5. e4 dxe4 6. dxe4 Bc5 7. Bg2 O-O 8. h3
Qe7 9. O-O Rd8 10. Qe2 a5 11. c3 b6 12. Rd1 Ba6 13. Qe1 Bd3 14. Nh4 Bc2 15. Nf5
Qf8 16. b3 g6 17. Ne3 Bxe3 18. fxe3 Qc5 19. Bb2 Bxd1 20. Rxd1 Rd3 21. Nc4 Rxd1
22. Qxd1 b5 23. Qf3 Nh5 24. Nd2 a4 25. b4 Qd6 26. Nf1 Qd3 27. g4 Ng7 28. Qf6 Ne6
29. Bc1 Rd8 30. Bd2 a3 31. Be1 Qc2 32. h4 Qxa2 33. h5 Qe2 34. hxg6 hxg6 35. Bh4
a2 36. Ng3 Qxe3+ 37. Kh2 a1=Q 38. Bg5 Qxg5 0-1

[Event "Women's Speed Chess Q5"]
[Site "chess.com INT"]
[Date "2020.06.22"]
[Round "1"]
[White "Javakhishvili, Lela"]
[Black "Nurmanova, Alua"]
[Result "0-1"]
[WhiteTitle "IM"]
[BlackTitle "WFM"]
[WhiteElo "2475"]
[BlackElo "2026"]
[WhiteFideId "13601458"]
[BlackFideId "13729390"]
[EventDate "2020.06.22"]

1. Nf3 Nf6 2. b3 g6 3. Bb2 Bg7 4. g3 O-O 5. d4 d5 6. Bg2 c5 7. dxc5 Qa5+ 8. Nbd2
Qxc5 9. O-O Nc6 10. c4 d4 11. a3 e5 12. b4 Qe7 13. Nb3 a6 14. Nfd2 Rd8 15. c5
Be6 16. Rc1 e4 17. Nc4 Bxc4 18. Rxc4 d3 19. Bxf6 Qxf6 20. Bxe4 Ne5 21. Rc1 Bh6
22. Ra1 dxe2 23. Qxe2 Qe6 24. Rab1 Nc4 25. Na5 Nxa3 26. Rbd1 Re8 27. Rfe1 Nb5
28. Qd3 Bg5 29. h4 Rad8 30. Qc2 Rxd1 31. Qxd1 Nc3 32. Qd3 Nxe4 33. hxg5 Qf5 34.
Kg2 Qxf2+ 35. Kh3 Qxe1 36. Qd7 Qh1+ 37. Kg4 f5+ 38. gxf6 Nxf6+ 39. Kf4 Nxd7 40.
c6 Qe4+ 41. Kg5 Re5+ 0-1

[Event "Women's Speed Chess Q5"]
[Site "chess.com INT"]
[Date "2020.06.22"]
[Round "1"]
[White "Schut, Lisa"]
[Black "Afraoui, Anaelle"]
[Result "1-0"]
[WhiteTitle "WIM"]
[BlackTitle "WFM"]
[WhiteElo "2259"]
[BlackElo "2120"]
[WhiteFideId "1019481"]
[BlackFideId "20654383"]
[EventDate "2020.06.22"]

1. e4 d6 2. d4 Nf6 3. Nc3 g6 4. f3 c6 5. Be3 b5 6. Qd2 Nbd7 7. h4 Nb6 8. Bd3 a6
9. Nh3 Bxh3 10. Rxh3 Qc7 11. Ne2 c5 12. c3 cxd4 13. cxd4 Nc4 14. Bxc4 Qxc4 15.
b3 Qc7 16. Rc1 Qd7 17. Kf2 Bg7 18. Nf4 O-O 19. h5 Rac8 20. Rch1 Rc7 21. Kg3 Rfc8
22. hxg6 hxg6 23. e5 dxe5 24. dxe5 Qxd2 25. Bxd2 Nd7 26. e6 Nf6 27. exf7+ Kxf7
28. Re1 Rc2 29. Bb4 R8c7 30. Rhh1 Rxa2 31. Nh3 Nh5+ 32. Kh2 Bf6 33. Rhg1 a5 34.
Bxe7 Rxe7 35. Rxe7+ Bxe7 36. Re1 a4 37. bxa4 bxa4 38. Re4 a3 39. Ra4 Ra1 40. Ra7 1-0

[Event "Women's Speed Chess Q5"]
[Site "chess.com INT"]
[Date "2020.06.22"]
[Round "1"]
[White "Tarleva, Vira"]
[Black "Karnaukhova, Elmira"]
[Result "0-1"]
[WhiteTitle "WFM"]
[BlackTitle "WGM"]
[WhiteElo "2030"]
[BlackElo "2319"]
[WhiteFideId "14116693"]
[BlackFideId "4148827"]
[EventDate "2020.06.22"]

1. e4 c5 2. Nf3 d6 3. d4 cxd4 4. Nxd4 Nf6 5. Nc3 a6 6. h3 e5 7. Nde2 Be7 8. g4
Be6 9. Bg2 b5 10. Be3 Nbd7 11. Ng3 g6 12. g5 Ng8 13. h4 h6 14. Qd2 Nb6 15. Bxb6
Qxb6 16. Nd5 Bxd5 17. exd5 hxg5 18. hxg5 Rxh1+ 19. Bxh1 Rc8 20. O-O-O a5 21. f4
exf4 22. Qxf4 Rc4 23. Qd2 Qc7 24. Re1 b4 25. Ne4 Kf8 26. Nf6 Nxf6 27. gxf6 Bxf6
28. Qe2 Be5 29. Bf3 Rh4 30. Rh1 Qe7 31. Rxh4 Qxh4 32. Qe4 Qg5+ 33. Kd1 Qg1+ 34.
Ke2 Bxb2 0-1

[Event "Women's Speed Chess Q5"]
[Site "chess.com INT"]
[Date "2020.06.22"]
[Round "1"]
[White "Sharmin, Samiha Shimmi"]
[Black "Kiolbasa, Oliwia"]
[Result "0-1"]
[WhiteTitle "WCM"]
[BlackTitle "WIM"]
[WhiteElo "1812"]
[BlackElo "2160"]
[WhiteFideId "10203087"]
[BlackFideId "1154613"]
[EventDate "2020.06.22"]

1. e4 e5 2. Nf3 Nc6 3. Bc4 Bc5 4. O-O Nf6 5. d3 O-O 6. a4 a5 7. c3 d6 8. h3 Be6
9. Nbd2 Qb8 10. Re1 Qa7 11. Re2 Nh5 12. Nf1 Bxc4 13. dxc4 f5 14. Qd5+ Kh8 15.
Ng5 Nd8 16. Be3 Nf6 17. Qd3 Bxe3 18. Nxe3 h6 19. Nxf5 hxg5 20. Qd2 Ne6 21. Ne7
Kh7 22. Re3 Rae8 23. Nf5 Qc5 24. b3 c6 25. h4 gxh4 26. Rh3 Nxe4 27. Rxh4+ Kg8
28. Rxe4 Rxf5 29. Qe2 Ref8 30. Rf1 Nf4 31. Qg4 d5 32. cxd5 cxd5 33. Re3 Qe7 34.
Rg3 Qf6 35. Re1 e4 36. Ree3 Ne6 37. f3 Rg5 0-1

[Event "Women's Speed Chess Q5"]
[Site "chess.com INT"]
[Date "2020.06.22"]
[Round "1"]
[White "Smietanska, Wiktoria"]
[Black "Chitlange, Sakshi"]
[Result "0-1"]
[WhiteTitle "CM"]
[BlackTitle "WIM"]
[WhiteElo "1593"]
[BlackElo "2167"]
[WhiteFideId "21869359"]
[BlackFideId "35002899"]
[EventDate "2020.06.22"]

1. c4 e6 2. Nc3 d5 3. d4 Nf6 4. cxd5 Nxd5 5. e4 Nxc3 6. bxc3 c5 7. Nf3 cxd4 8.
cxd4 Bb4+ 9. Bd2 Bxd2+ 10. Qxd2 O-O 11. Be2 b6 12. O-O Bb7 13. Qe3 Nd7 14. Rfd1
Nf6 15. Bd3 Qe7 16. Rac1 Rac8 17. h3 h6 18. Ne5 Rfd8 19. f4 Qb4 20. Nf3 Qe7 21.
g3 a6 22. Bb1 b5 23. e5 Nd7 24. Qd3 Nf8 25. Nd2 Qb4 26. Ne4 Rxc1 27. Rxc1 Rxd4
28. a3 Qa4 29. Nc5 Rxd3 30. Nxa4 Rxg3+ 31. Kf2 Rg2+ 32. Ke3 bxa4 33. Rc7 Rb2 34.
Bd3 g6 35. h4 h5 36. Re7 Kg7 37. Kd4 Rb3 38. Bc4 Rb2 39. Kc3 Rb1 0-1